000 01848nam0a2200421 4500
001 RU\NLR\bibl\264213
005 20260412041709.0
010 _a5-8036-0091-1
_9120
021 _aRU
_b2001-62679
_93056
035 _a(NLR Aleph) 000259828
090 _a1517567
_c1517567
100 _a20020426d2001 |||y0rusy50 ca
101 0 _arus
102 _aRU
105 _aa |||||||||
200 1 _aВведение в авиацию и воздухоплавание
_eУчеб. пособие
_fБ.А. Шляйферт
_gНовосиб. аэрокосм. лицей им. Ю.В. Кондратюка
210 _aНовосибирск
_cСибАГС
_d2001
215 _a338 с.
_cил.
_d21
320 _aБиблиогр.: с. 332-338
606 0 _aАвиация
_jРуководства, пособия и т.п. для средней школы
_xИстория
_91065554
_3RU\NLR\auth\6695719
606 0 _aАвиация
_jУчебные издания для средней школы
_xИстория
_91065554
_3RU\NLR\auth\6695719
606 _aВоздухоплавание
_jРуководства, пособия и т.п. для высшей школы
_3RU\NLR\auth\6695686
_91065492
606 _aВоздухоплавание
_jУчебные издания для высшей школы
_3RU\NLR\auth\6695686
_91065492
610 0 _aАвиация
610 0 _aВоздухоплавание
675 _a629.7(075.8)
_v3
_zrus
686 _a55.47
_2rugasnti
686 _a39.5я73
_2rubbk
686 _aО5я721-1
686 _aО59я721-1
686 _aЦ651г.я721-1
700 1 _aШляйферт
_bБ. А.
_gБорис Александрович
_4070
801 0 _aRU
_bRKP
_c20020426
_gPSBO
801 1 _aRU
_bRKP
_c20020426
801 2 _aRU
_bNLR
_c20020620
_grcr
942 _cBOOK
980 _aNB